000 00593nam a2200205 a 4500
008
020 _a0201596210 (pbk.)
049 _aMAIN
090 _aTA330
245 1 0 _aAdvanced modern engineering mathematics /
_cGlyn James ... [et al.].
260 _aHarlow, Essex:
_bAddison-Wesley,
_cc1993.
300 _axxi, 901 p. :
_bill. ;
_c23 cm.
500 _aIncludes index.
650 0 _aEngineering mathematics.
907 _a.b1007000x
_b14-11-07
_c17-04-03
003
005 20230123133545.0
040 _cNUST
942 _cBOOKS
_kTA330
999 _c150664
_d150664